| 000 | 00791nam a22002292i 4500 | ||
|---|---|---|---|
| 001 | 24945 | ||
| 003 | BD-RjUL | ||
| 005 | 20211209050817.0 | ||
| 008 | 140315s1977 ii b b 000 0 eng d | ||
| 035 |
_a(BD-RjUL)25014 _aOCLC ocm05334975 from D941212M |
||
| 040 |
_aDLC _cDLC _dEQO _dBD-RjUL _beng |
||
| 041 | _aeng | ||
| 082 | 0 | 0 |
_a911.5414 _bBHH 1977 |
| 100 | 1 |
_aBhattacharyya, Amitabha. _976745 |
|
| 245 | 1 | 0 |
_aHistorical geography of ancient and early mediaeval Bengal / _cAmitabha Bhattacharyya ; with a foreword by B. N. Mukherjee. |
| 260 |
_aCalcutta : _bSanskrit Pustak Bhandar, _c1977. |
||
| 300 |
_axii, 158 p. : _bmaps ; _c22 cm. |
||
| 504 | _aBibliography: p. [129]-150 | ||
| 651 | 0 |
_aBengal (India) _xHistorical geography _976746 |
|
| 942 |
_2ddc _cBK _02 |
||
| 999 |
_c24945 _d24945 |
||